| 000 | 00415nam a2200181Ia 4500 | ||
|---|---|---|---|
| 001 | 23972 | ||
| 005 | 20260414151012.0 | ||
| 008 | 260414t1954||||xx |||||||||||||| ||spa|| | ||
| 041 | _aESP | ||
| 082 |
_a728 _bW92 |
||
| 100 |
_aWright, Frank Lloyd, _eAUT |
||
| 245 | 4 |
_aThe natural house _b |
|
| 260 | _c1954 | ||
| 300 |
_a223 páginas : _c26 cm. |
||
| 650 | _aABD | ||
| 654 | _aCAU | ||
| 942 |
_cLIB _dJUS _fJUS _2ddc _n |
||
| 999 |
_c23972 _d23972 |
||